My Singing Monsters (All Monsters) 5/14/25 - Statistics

General Stats
  • This quiz has been taken 184 times
    12 since last reset
  • The average score is 25 of 235
Answer Stats
Answer % Correct
Do
60%
Fa
60%
La
60%
Mammott
60%
Noggin
60%
Re
60%
Sol
60%
Ti
60%
Toe Jammer
60%
Bowgart
40%
Clamble
40%
Drumpler
40%
Entbrat
40%
Furcorn
40%
Ghazt
40%
Grumpyre
40%
Hoola
40%
Humbug
40%
Kayna
40%
Maw
40%
Mi
40%
Pango
40%
Pom-Pom
40%
Potbelly
40%
Pummel
40%
Punkleton
40%
Shellbeat
40%
Spytrap
40%
Thumpies
40%
T-Rox
40%
Tweedle
40%
Banjaw
20%
Barrb
20%
Boo'qwurm
20%
Boskus
20%
Bowhead
20%
Bulbo
20%
Candelavra
20%
Clackula
20%
Clavavera
20%
Clavi Gnat
20%
Congle
20%
Cybop
20%
Dandidoo
20%
Deedge
20%
Drummidary
20%
Floogull
20%
Floot Fly
20%
Flowah
20%
Flum Ox
20%
Fluoress
20%
Fwog
20%
G'Joob
20%
Glowl
20%
Gnarls
20%
Gob
20%
Incisaur
20%
Jeeode
20%
Mimic
20%
Oaktopus
20%
Phangler
20%
Pladdie
20%
Pluckbill
20%
Quarrister
20%
Quibble
20%
Reedling
20%
Riff
20%
Scups
20%
ShLep
20%
Shrubb
20%
Sooza
20%
Sox
20%
Spunge
20%
Spurrit
20%
Stogg
20%
Theremind
20%
Thrumble
20%
Tiawa
20%
Tring
20%
Whaddle
20%
Whisp
20%
Whiz-Bang
20%
Woolabee
20%
Wubbox
20%
Wynq
20%
Yelmut
20%
Yool
20%
Anglow
0%
Arackulele
0%
Arcorina
0%
Astropod
0%
Attmoz
0%
Auglur
0%
bbli$zard
0%
Bellowfish
0%
BeMeebEth
0%
Bisonorus
0%
Blabbit
0%
Blarret
0%
Blasoom
0%
Bleatnik
0%
Blipsqueak
0%
Blow't
0%
Bogle
0%
Bona-Petite
0%
Bonkers
0%
Boodoo
0%
Bridg-It
0%
Brump
0%
Buzzinga
0%
Cahoot
0%
Cantorell
0%
Carillong
0%
Cataliszt
0%
Cherubble
0%
Cranchee
0%
Creepuscule
0%
Cruv'laaphtian Crocus
0%
Dakktyl
0%
Deja-Jin
0%
Denchuhs
0%
Dermit
0%
Dragong
0%
Dwumrohl
0%
Edamimi
0%
Enchantling
0%
eRmA gUrDy
0%
Faesoddoid Fungus
0%
Fandhul
0%
Ffidyll
0%
Fiddlement
0%
Flasque
0%
Fleechwurm
0%
Frondley
0%
Fung Pray
0%
Furnoss
0%
Gaddzooks
0%
Galvana
0%
Galymph
0%
G'Day
0%
Gheegur
0%
Glaishur
0%
Gloptic
0%
Glowbe
0%
Gobbleygourd
0%
Hairionette
0%
Hawlo
0%
HippityHop
0%
Hornacle
0%
Hyehehe
0%
Illoost
0%
Jam Boree
0%
Jellbilly
0%
Jerm
0%
Kazilleon
0%
Knucklehead
0%
Knurv
0%
Krillby
0%
Larvaluss
0%
Loodvigg
0%
Lowb
0%
Maggpi
0%
Maulch
0%
Meebkin
0%
Monculus
0%
Mushaboom
0%
Nebulob
0%
Nitebear
0%
Oogiddy
0%
Osstax
0%
Owlesque
0%
Parlsona
0%
Peckidna
0%
Pentumbra
0%
Periscorp
0%
Phosphoran Phlox
0%
Pinghound
0%
Piplash
0%
Pixolotl
0%
Plinkajou
0%
Plixie
0%
Poewk
0%
PongPing
0%
Poppette
0%
Reebro
0%
Repatillo
0%
Rhysmuth
0%
Roarick
0%
Rooba
0%
Rootitoot
0%
Scallyrags
0%
Scaratar
0%
Scargo
0%
Schmoochle
0%
Screemu
0%
Shhimmer
0%
Shugabass
0%
Shugabeats
0%
Shugabush
0%
Shugabuzz
0%
Shugajo
0%
Shugarock
0%
Shugavox
0%
Shugitar
0%
Sneyser
0%
Sporerow
0%
Squot
0%
Stoowarb
0%
Strombonin
0%
Syncopite
0%
Tapricorn
0%
Tawkerr
0%
Teeter-Tauter
0%
Thwok
0%
TooToo
0%
Torrt
0%
Tuskski
0%
Tympa
0%
Uuduk
0%
Vhamp
0%
Vhenshun
0%
Viveine
0%
Whaill
0%
Whajje
0%
Wheezel
0%
Wimmzies
0%
Withur
0%
X'rt
0%
Xyster
0%
Yawstrich
0%
Yooreek
0%
Yuggler
0%
Ziggurab
0%
Zuuker
0%
Zynth
0%
No matching quizzes found
Score Distribution
Percent of People with Each Score
Percentile by Number Answered
Your Score History
You have not taken this quiz since the last reset